| 000 | 00427nam a22001577a 4500 | ||
|---|---|---|---|
| 008 | 220617b ||||| |||| 00| 0 eng d | ||
| 020 | _a9788184577440 | ||
| 082 |
_a786.93 _bPAT |
||
| 100 | _aPatel Jamuna Prasad | ||
| 245 |
_aTable ki Bandishyen aur Vistar Vidhi _b _cBy Jamuna Prasad Patel |
||
| 260 |
_aNew Delhi _bKanishk Publishing House _c2017 |
||
| 300 | _a205p. | ||
| 650 | _aMUSIC | ||
| 942 | _cBK | ||
| 999 |
_c44452 _d44452 |
||
| 041 | _ahin | ||